| 000 | 00807nam a2200217Ii 4500 | ||
|---|---|---|---|
| 003 | JO-AjNU | ||
| 008 | 230605s9999||||xx |||||||||||||| ||und|| | ||
| 017 | _a2012/3807 | ||
| 020 | _a978-977-350-459-0 | ||
| 040 |
_aJO-AjNU _bara _erda _cJO-AjNU |
||
| 041 | _aara | ||
| 050 | 1 | 4 | _aPJ8290 2013 |
| 100 | 3 |
_aفزاري، أمينة, _eauthor _944317 |
|
| 245 | 0 | 0 | _aالأدب المغربي والأندلسي نصوص شعرية ونثرية مختارة للتطبيق "الطريقة الفنية" |
| 264 | 3 | 1 | _aالقاهرة: دار الكتاب الحديث، 2013 |
| 300 | _a266ص | ||
| 336 |
_atext _btxt _2rdacontent |
||
| 337 |
_aunmediated _bn _2rdamedia |
||
| 338 |
_avolume _bnc _2rdacarrier |
||
| 650 | 4 |
_aالأدب العربي - تاريخ ونقد - المغرب - الأندلس _944318 |
|
| 999 |
_aA19125 _c22693 _d22693 |
||